000 00767nam a22002177a 4500
999 _c18015
_d18015
003 AR-CdUCM
008 190511b ||||| |||| 00| 0 spa d
040 _aMUNICIPALIDAD PROVINCIAL DEL CUSCO
_cBIBLIOTECA MUNICIPAL DEL CUSCO
082 _a333 /
_bM285
100 _aManrique, Nelson
_92258
245 _aYawar mayu :
_bSociedades terratenientes serranas 1879 - 1910 /
260 _aLima :
_bDesco,
_c1988.
300 _a201 páginas ;
_c22 cm.
505 _aContenido : Guerra de fiestas -- Conflictos étnicos -- Movilizaciones antiterratenientes -- Señores e indos...
650 _aSociedad andina
_929905
650 _aGuerra de fiestas
_938340
650 _aSociedad terrateniente
_938341
650 _aIndios
_9631
942 _2ddc
_cLIBROS
945 _arcc